Eléments de Mathématique: théorie des ensembles
Uloženo v:
| Hlavní autor: | |
|---|---|
| Médium: | Kniha |
| Jazyk: | francouzština |
| Vydáno: |
París, Francia
Hermann
1964
|
| Vydání: | Cuarta edición |
| Edice: | Actualités Scientifiques et Industrielles.
1141 |
| Témata: | |
| Tagy: |
Přidat tag
Žádné tagy, Buďte první, kdo vytvoří štítek k tomuto záznamu!
|
MARC
| LEADER | 00000nam a2200000 a 4500 | ||
|---|---|---|---|
| 001 | UCP0574 | ||
| 003 | CL-VaPUC | ||
| 005 | 20210622202829.0 | ||
| 008 | 990313e19640000FR |||||||||||||||||fre|d | ||
| 999 | |c 279337 |d 279335 | ||
| 040 | |c Pontificia Universidad Católica de Valparaíso | ||
| 082 | 0 | 4 | |a 511.322 BOU 1964 |2 21 |
| 100 | 0 | |a Bourbaki, Nicolás |9 425924 | |
| 245 | 1 | 0 | |a Eléments de Mathématique: théorie des ensembles |
| 250 | |a Cuarta edición | ||
| 260 | 0 | 3 | |a París, Francia |b Hermann |c 1964 |
| 300 | |a 62 páginas | ||
| 490 | 0 | |a Actualités Scientifiques et Industrielles. |v 1141 | |
| 505 | |a Fascicule de résultats | ||
| 583 | |a last modification |c 19990313 00:00:00 |k Rodrigo Vera | ||
| 650 | 0 | |a Teoría de conjuntos |9 265668 | |
| 650 | 7 | |a MATEMATICA FORMAL |2 CL-VaPUC |9 425925 | |
| 650 | 7 | |a TEOREMAS |2 CL-VaPUC |9 350068 | |
| 650 | 0 | |a Relaciones matemáticas |9 359925 | |
| 942 | |c BK |2 ddc | ||
| 945 | |d 19990313 00:00:00 |a crobeson | ||
| 952 | |0 0 |1 0 |2 ddc |4 0 |6 511_322000000000000_BOU_1964 |7 0 |8 A |9 318398 |a BIBMAT |b BIBMAT |d 2019-11-20 |i 132201K |o 511.322 BOU 1964 |p 132201K |r 2025-01-07 |t 1 |w 2019-11-20 |y BK |k MAT | ||
| 952 | |0 0 |1 0 |2 ddc |4 0 |6 511_322000000000000_BOU_1964 |7 0 |8 A |9 318399 |a BIBMAT |b BIBMAT |d 2019-11-20 |i 1322060 |o 511.322 BOU 1964 |p 1322060 |r 2025-01-07 |t 2 |w 2019-11-20 |y BK |k MAT | ||